000
00289nam a22001217a 4500
020
_a
9788183211628
082
_a
664.07
_b
KAL/FO
100
_a
Kalia, Manoranjan
245
_a
Food quality management
260
_a
Udaipur
_b
Agrotech Publishing Academy
_c
2010
300
_a
400p
942
_c
BK
999
_c
13726
_d
13726